000 03977cam a22006737a 4500
001 000003911
003 CHAP
005 20220329133238.0
008 971013m1984 mx r o00110 spa d
010 _a3862
011 _a4834
035 _a4038
040 _cCHAP
082 0 4 _a317.2
_bM4 Camp.
110 2 _aInstituto Nacional de Estadística, Geografía e Informática. México
_959304
245 1 0 _aAnuario estadístico del estado de Campeche /
_c/por Instituto Nacional de Estadística, Geografía e Informática.
260 _aMéxico, D. F. :
_bInstituto Nacional de Estadística, Geografía e Informática,
_c1984--.
300 _av.
500 _ac. de: Manual de estadísticas básicas
500 _aLa biblioteca tiene: 1984, 1991, 1993, 1994, 1995, 1996, 1997, 1998, 1999, 2000, 2001, 2002, 2003, 2004, 2005, 2006, 2007, 2008, 2009, 2010, 2011, 2012
590 _aBATCH-UPD
_b10
_c20130110
_lUCH01
_h2115
590 _aBATCH-UPD
_b10
_c20130410
_lUCH01
_h1425
590 _aBATCH-UPD
_b10
_c20130914
_lUCH01
_h0858
590 _aCONVERSION
_b10
_c20130109
_lUCH01
_h1303
590 _aE5995AHE
_b05
_c20131107
_lUCH01
_h1214
650 1 4 _aAgricultura
_xEstadisticas
_zCampeche.
_91447
650 1 4 _aCampeche
_xEstadísticas.
_917986
650 1 4 _aGanadería
_xEstadísticas
_zCampeche.
_944706
901 _aBK
942 _cLIBRO
942 _n0
949 _a317.2 M4 Camp.
_bBC
_cINEGI
_d-75261
_eINEGI
_f1991
_gI.c/e
_h80961
_i4038
_si
_t14.90
949 _a317.2 M4 Camp.
_bBC
_cINEGI
_d33724000486809
_eINEGI
_f1993
_gI.c/e
_h84983
_i4038
_si
949 _a317.2 M4 Camp.
_bBC
_cINEGI
_d33724000506457
_eINEGI
_f1984
_gI.c/e
_h68141
_i4038
_si
949 _a317.2 M4 Camp.
_bBC
_cINEGI
_d33724000528808
_eINEGI
_f1994
_gI. c/e
_h88767
_i4038
_si
_t35.00
949 _a317.2 M4 Camp.
_bBC
_cINEGI
_d33724000593133
_eINEGI
_f1996 c.2
_h92428
_i4038
_kDonaciØn
_sb
949 _a317.2 M4 Camp.
_bBC
_cINEGI
_d33724000593141
_eINEGI
_f1997
_gI.c/e
_h92429
_i4038
_sb
949 _a317.2 M4 Camp.
_bBC
_cINEGI
_d33724000612719
_eINEGI
_f1993 c.2
_gI.c/e
_h84984
_i4038
_si
949 _a317.2 M4 Camp.
_bBC
_cINEGI
_d33724000618831
_eINEGI
_f1995
_h91135
_i4038
_si
949 _a317.2 M4 Camp.
_bBC
_cINEGI
_d33724000626024
_eINEGI
_f1996
_h91392
_i4038
_si
_t65.00
949 _a317.2 M4 Camp.
_bBC
_cINEGI
_d33724000700530
_eINEGI
_f1997 c.2
_h93879
_i4038
_sb
949 _a317.2 M4 Camp.
_bBC
_cINEGI
_d33724000711420
_eINEGI
_f1998
_gI.c/e
_h95173
_i4038
_sb
_t85.00
949 _a317.2 M4 Camp.
_bBC
_cINEGI
_d33724000744728
_eINEGI
_f1999
_h97082
_i4038
_sb
949 _a317.2 M4 Camp.
_bBC
_cINEGI
_d33724000800991
_eINEGI
_f2000
_h98956
_i4038
_sb
949 _a317.2 M4 Camp.
_bBC
_cINEGI
_d33724000844411
_eINEGI
_f1995 c.2
_gDonaciØn
_h101177
_i4038
_sb
949 _a317.2 M4 Camp.
_bBC
_cINEGI
_d33724000846671
_eINEGI
_f1994 c.2
_gDonaciØn
_h101281
_i4038
_sb
949 _a317.2 M4 Camp.
_bBC
_cINEGI
_d33724000849261
_eINEGI
_f2001 c.2
_gDonaciØn
_h102773
_i4038
_sb
949 _a317.2 M4 Camp.
_bBC
_cINEGI
_d33724000868402
_eINEGI
_f2003
_gDonaciØn
_h104183
_i4038
_sb
949 _a317.2 M4 Camp.
_bBC
_cINEGI
_d33724000869251
_eINEGI
_f2001
_gDonaciØn
_h102506
_i4038
_sb
949 _a317.2 M4 Camp.
_bBC
_cINEGI
_d33724000873964
_eINEGI
_f2002
_gDonaciØn
_h103337
_i4038
_sb
949 _a317.2 M4 Camp.
_bBC
_cINEGI
_d33724000954061
_eINEGI
_f2004
_gDonaciØn
_h105258
_i4038
_sb
949 _a317.2 M4 Camp.
_bBC
_cINEGI
_d33724000972923
_eINEGI
_f2005
_gDonaciØn
_h107487
_i4038
_sb
949 _a317.2 M4 Camp.
_bBC
_cINEGI
_d33724000998522
_eINEGI
_f2006
_gDonaciØn
_h108263
_i4038
_sb
949 _a317.2 M4 Camp.
_bBC
_cINEGI
_d33724002051941
_eINEGI
_f2007
_gDonaciØn
_h109671
_i4038
_sb
949 _a317.2 M4 Camp.
_bBC
_cINEGI
_d33724002052397
_eINEGI
_f2009
_gDonaciØn
_h111882
_i4038
_sb
949 _a317.2 M4 Camp.
_bBC
_cINEGI
_d33724002058545
_eINEGI
_f2011
_gDonaciØn
_h116704
_i4038
_sb
949 _a317.2 M4 Camp.
_bBC
_cINEGI
_d33724002095850
_eINEGI
_f2008
_gDonaciØn
_h111824
_i4038
_sb
949 _a317.2 M4 Camp.
_bBC
_cINEGI
_d33724002238686
_eINEGI
_f2010
_gDonaciØn
_h114314
_i4038
_sb
999 _c3862
_d3862